000 005790000a22002170004500
003 LK-CoMWRAF
005 20231106115455.0
008 230817t1981 ||||| |||| 00| 0 eng d
020 _a006253334
040 _aLK-CoMWRAF
_dLK-CoMWRAF
_eLK-CoMWRAF
041 _aeng
082 _a922
_bDOI
100 _aDoig, Desmond
245 _aMother Teresa:
_bher people and her work
260 _aLondon:
_bFount,
_c1981
300 _a175 p. : ill. ; 23 cm.
650 _aTERESA, MOTHER, SAINT
650 _aNuns--India--Biography
650 _aMissionaries of Charity
942 _cBK
999 _c1131
_d1131